Three Coptic legends : Hilaria. Archellites. The Seven sleepers /

محفوظ في:

المؤلف الرئيسي: Drescher, James (مؤلف)

التنسيق: كتاب

اللغة: Coptic
English
Greek

منشور في: Caire : Imprimerie de l'Institut français d'archéologie orientale, 1947.

سلاسل: Supplement aux Annales du Service des Antiquites de l'Egypte ; 4.
SASAE ; 4.

الموضوعات:

الوسوم: إضافة وسم

لا توجد وسوم, كن أول من يضع وسما على هذه التسجيلة!

رقم الطلب: DT57 .A21 v.4

LEADER 01117namaa2200313 4500
001 18972
003 OSt
005 20260330081239.0
008 130303s1947 ua h 000 0 cop d
010 |a 55025475 
040 |c ARCE Library 
041 0 |a cop  |a eng  |a gre 
050 4 |a DT57 .A21 v.4 
100 1 |a Drescher, James,  |e author 
245 1 0 |a Three Coptic legends :  |b Hilaria. Archellites. The Seven sleepers /  |c Edited with translation and commentary [by] James Drescher. 
246 3 |a 3 Coptic legends. 
264 1 |a Caire :   |b Imprimerie de l'Institut français d'archéologie orientale,   |c 1947. 
300 |a viii, 179 pages :   |b facsimiles ;   |c 28 cm. 
490 1 |a Supplement aux Annales du Service des Antiquites de l'Egypte ;   |v 4. 
490 1 |a SASAE ;   |v 4. 
546 |a Text in Coptic, English, Greek. 
600 0 0 |a Hilaria,  |c Saint.  |k Legend.  |9 32051 
600 0 0 |a Archelides,  |c Saint.  |k Legend. 
630 0 0 |a Seven sleepers of Ephesus. 
830 0 |a Supplement aux Annales du Service des Antiquites de l'Egypte ;   |v 4. 
830 0 |a SASAE ;   |v 4. 
901 |a reviewed 
942 |c BK  |2 lcc 
999 |c 16013  |d 16013